C-vitamin, adrenalin és mellékvese

Elmentve itt :
Bibliográfiai részletek
Szerző: Szent-Györgyi Albert
Dokumentumtípus: Cikk
Megjelent: Királyi Magyar Egyetemi Nyomda Budapest 1932
Sorozat:Orvosképzés : az orvosi továbbképzés központi bizottsága folyóirata 22 No. 3
Online Access:http://misc.bibl.u-szeged.hu/73704
LEADER 00702nab a2200169 i 4500
001 misc73704
005 20241018153036.0
008 240108s1932 hu o 000 hun d
040 |a SZTE Miscellanea Repozitórium  |b hun 
041 |a hun 
100 2 |a Szent-Györgyi Albert 
245 1 0 |a C-vitamin, adrenalin és mellékvese  |h [elektronikus dokumentum] /  |c  Szent-Györgyi Albert 
260 |a Királyi Magyar Egyetemi Nyomda  |b Budapest  |c 1932 
300 |a 415-420 
490 0 |a Orvosképzés : az orvosi továbbképzés központi bizottsága folyóirata  |v 22 No. 3 
561 |a Szent-Györgyi Albert tudományos és egyéb írásai 
856 4 0 |u http://misc.bibl.u-szeged.hu/73704/1/szgya_magyar_057.pdf  |z Dokumentum-elérés